00373nam a2200145Ia 4500008004100000020001500041041001200056082001100068100001800079245006100097250000800158260003800166300000800204650001500212221030s9999 xx 000 0 und d a8131502808 aEnglish a105.23 aB. Rosenbloom 0aMarketing Channels : A Management Viewcby B. Rosenbloom a7th bCengage LearningaNew Delhic2012 a649 aManagement